[Event "C.to Italiano Semifinale"]
[Site "Acqui Terme ITA"]
[Date "2011.07.24"]
[Round "9"]
[White "Andreoni, Giuseppe"]
[Black "Ferri, Stefano"]
[Result "1/2-1/2"]
[WhiteElo "2092"]
[BlackElo "2207"]
[PlyCount "33"]
[EventDate "2011.07.17"]

1. e4 e5 2. Nf3 Nc6 3. Bb5 a6 4. Bxc6 dxc6 5. O-O Bg4 6. d3 Bd6 7. h3 Bxf3 8.
Qxf3 Qf6 9. Qxf6 Nxf6 10. f4 exf4 11. Bxf4 O-O 12. Nd2 Rae8 13. Nc4 Bxf4 14.
Rxf4 b6 15. Raf1 Nd7 16. Ne3 f6 17. Ng4 1/2-1/2

[Event "C.to Italiano Semifinale"]
[Site "Acqui Terme ITA"]
[Date "2011.07.24"]
[Round "9"]
[White "Bentivegna, Francesco"]
[Black "Lantini, Marco"]
[Result "0-1"]
[WhiteElo "2330"]
[BlackElo "2155"]
[PlyCount "104"]
[EventDate "2011.07.17"]

1. e4 e5 2. Nf3 Nc6 3. Nc3 g6 4. d4 exd4 5. Nxd4 Bg7 6. Be3 Nf6 7. Nxc6 dxc6 8.
Qxd8+ Kxd8 9. O-O-O+ Ke8 10. h3 Be6 11. Be2 Nd7 12. Nd5 cxd5 13. exd5 Bf5 14.
g4 Be4 15. f3 Bxc2 16. Kxc2 Be5 17. f4 Bd6 18. Bd4 Rg8 19. Rhf1 Kf8 20. f5 g5
21. f6 Rg6 22. Rf5 a6 23. Rh1 Re8 24. Bd3 Bc5 25. Bc3 Be3 26. Re1 Rh6 27. Rf3
Bf4 28. Rxf4 Rxe1 29. Rf3 Ne5 30. Rg3 Nxd3 31. Kxd3 Rh1 32. Ke4 R1xh3 33. Rg1
Rxc3 34. bxc3 Rxf6 35. Ke5 Rf4 36. d6 cxd6+ 37. Kxd6 Rc4 38. Rg3 Kg7 39. Kd5 b5
40. Ke5 h6 41. Kd5 Kg6 42. Ke5 Rf4 43. Kd5 f5 44. gxf5+ Rxf5+ 45. Kc6 Rf6+ 46.
Kb7 h5 47. a4 h4 48. Rg1 Kh5 49. Rb1 Rf4 50. c4 bxc4 51. Kxa6 c3 52. a5 h3 0-1

[Event "C.to Italiano Semifinale"]
[Site "Acqui Terme ITA"]
[Date "2011.07.24"]
[Round "9"]
[White "Contin, Daniel"]
[Black "Calavalle, Giulio"]
[Result "1/2-1/2"]
[WhiteElo "2319"]
[BlackElo "2239"]
[PlyCount "90"]
[EventDate "2011.07.17"]

1. e4 c5 2. Nf3 a6 3. c4 Nc6 4. Nc3 e5 5. d3 d6 6. Be2 Be7 7. h4 Nf6 8. Bg5 Ng8
9. Bd2 Nf6 10. h5 h6 11. g3 Bg4 12. Nh4 Bd7 13. Nf5 Bxf5 14. exf5 Qd7 15. g4
Nd4 16. Bf3 Nxf3+ 17. Qxf3 Qc6 18. Ne4 O-O-O 19. Ke2 d5 20. cxd5 Qxd5 21. Rhc1
Nxe4 22. Qxe4 Qxe4+ 23. dxe4 Rxd2+ 24. Kxd2 Bg5+ 25. Ke2 Bxc1 26. Rxc1 b6 27.
b4 Kb7 28. bxc5 Rc8 29. f4 exf4 30. Kf3 bxc5 31. e5 Kc6 32. Rd1 c4 33. Kxf4 c3
34. Ke4 Kc5 35. Rc1 Kc4 36. e6 f6 37. Ke3 Rc5 38. Kf2 Re5 39. Re1 c2 40. Rxe5
fxe5 41. e7 c1=Q 42. e8=Q Qf4+ 43. Ke1 Qe3+ 44. Kd1 Qd3+ 45. Kc1 Qc3+ 1/2-1/2

[Event "C.to Italiano Semifinale"]
[Site "Acqui Terme ITA"]
[Date "2011.07.24"]
[Round "9"]
[White "Di Paolo, Raffaele"]
[Black "Bianco, Valerio"]
[Result "1-0"]
[WhiteElo "2312"]
[BlackElo "2216"]
[PlyCount "109"]
[EventDate "2011.07.17"]

1. e4 c5 2. Nf3 e6 3. Qe2 Nc6 4. g3 Nge7 5. Bg2 d5 6. d3 Nd4 7. Nxd4 cxd4 8.
O-O g6 9. exd5 Nxd5 10. Qe5 Qf6 11. Qxf6 Nxf6 12. Bf4 Nd7 13. Re1 Be7 14. a4 g5
15. Bc7 Bd8 16. Bd6 Be7 17. Bxe7 Kxe7 18. a5 Rb8 19. Ra4 b6 20. axb6 Rxb6 21.
b3 Ra6 22. Rxd4 Ra2 23. Rc4 Kd8 24. Rc1 Nb6 25. Rc5 h6 26. Nc3 Rb2 27. Nb5 Ra2
28. d4 Bd7 29. Nc3 Ra3 30. d5 exd5 31. Nxd5 Nxd5 32. Bxd5 Ke7 33. Rd1 Rc8 34.
Re1+ Kf6 35. Rxc8 Bxc8 36. f3 Ra2 37. Be4 a5 38. Kf2 Bf5 39. Bxf5 Kxf5 40. Re2
Ra1 41. Ke3 a4 42. bxa4 Rxa4 43. Kd3 h5 44. Re4 Ra1 45. f4 Kf6 46. fxg5+ Kxg5
47. Re2 Rh1 48. c4 Kf5 49. Kd4 Rc1 50. Kd5 f6 51. Re4 Kg5 52. c5 f5 53. Rc4
Rd1+ 54. Rd4 Ra1 55. c6 1-0

[Event "C.to Italiano Semifinale"]
[Site "Acqui Terme ITA"]
[Date "2011.07.24"]
[Round "9"]
[White "Formento, Paolo"]
[Black "Molina, Fabrizio"]
[Result "1/2-1/2"]
[WhiteElo "2024"]
[BlackElo "2256"]
[PlyCount "63"]
[EventDate "2011.07.17"]

1. e4 d6 2. d4 Nf6 3. Nc3 Nbd7 4. f4 e5 5. Nf3 exd4 6. Qxd4 c6 7. Be3 d5 8.
O-O-O Bc5 9. Qd2 Bb4 10. exd5 Nxd5 11. Bd4 O-O 12. Bc4 N7f6 13. Bxd5 Nxd5 14.
Bxg7 Kxg7 15. Qd4+ Qf6 16. Nxd5 Qxd4 17. Rxd4 Bc5 18. Rc4 Bd6 19. Nc3 Be6 20.
Rd4 Bc5 21. Re4 Rad8 22. f5 Bd5 23. Nxd5 Rxd5 24. Re5 Rfd8 25. Rxd5 Rxd5 26. g4
h5 27. h3 hxg4 28. hxg4 Bd6 29. Rf1 Bf4+ 30. Kb1 Kf6 31. a4 Rd7 32. Re1 1/2-1/2

[Event "C.to Italiano Semifinale"]
[Site "Acqui Terme ITA"]
[Date "2011.07.24"]
[Round "9"]
[White "Genocchio, Daniele"]
[Black "Rombaldoni, Denis"]
[Result "1/2-1/2"]
[WhiteElo "2446"]
[BlackElo "2495"]
[PlyCount "21"]
[EventDate "2011.07.17"]

1. e4 c6 2. d4 d5 3. Nc3 dxe4 4. Nxe4 Nd7 5. Ng5 Ngf6 6. Bd3 e6 7. Qe2 Bd6 8.
N1f3 h6 9. Ne4 Nxe4 10. Qxe4 Nf6 11. Qe2 1/2-1/2

[Event "C.to Italiano Semifinale"]
[Site "Acqui Terme ITA"]
[Date "2011.07.24"]
[Round "9"]
[White "Malloni, Marcello"]
[Black "Rombaldoni, Axel"]
[Result "1/2-1/2"]
[WhiteElo "2293"]
[BlackElo "2459"]
[PlyCount "20"]
[EventDate "2011.07.17"]

1. Nf3 d5 2. d4 Nf6 3. c4 e6 4. Nc3 Be7 5. Bg5 h6 6. Bh4 O-O 7. e3 a6 8. Rc1
dxc4 9. Bxc4 b5 10. Bd3 Bb7 1/2-1/2

[Event "C.to Italiano Semifinale"]
[Site "Acqui Terme ITA"]
[Date "2011.07.24"]
[Round "9"]
[White "Martorelli, Antonio"]
[Black "Gioseffi, Massimiliano"]
[Result "0-1"]
[WhiteElo "2224"]
[BlackElo "2105"]
[PlyCount "80"]
[EventDate "2011.07.17"]

1. e4 e6 2. d4 d5 3. Nc3 Bb4 4. e5 c5 5. Bd2 Ne7 6. Nb5 Bxd2+ 7. Qxd2 O-O 8.
dxc5 Nd7 9. f4 Nxc5 10. Nd6 f6 11. Nf3 fxe5 12. fxe5 Nf5 13. Nxf5 Rxf5 14. Bd3
Nxd3+ 15. cxd3 Bd7 16. O-O Qb6+ 17. d4 Raf8 18. h3 Rf4 19. Rac1 Bb5 20. Rf2 Bd7
21. Qc3 Rc8 22. Qxc8+ Bxc8 23. Rxc8+ Rf8 24. Rc3 h6 25. g3 Rxf3 26. Rcxf3 Qxd4
27. Kg2 Qxe5 28. h4 h5 29. Rf7 d4 30. Rd7 Qe4+ 31. Kh2 e5 32. Rff7 Qc2+ 33. Kh3
Qg6 34. Rxb7 Qxf7 35. Rxf7 Kxf7 36. Kg2 Ke6 37. Kf3 Kd5 38. b3 e4+ 39. Kf4 e3
40. Kf3 Kc5 0-1

[Event "C.to Italiano Semifinale"]
[Site "Acqui Terme ITA"]
[Date "2011.07.24"]
[Round "9"]
[White "Sbarra, Marco"]
[Black "Marguerettaz, Davy"]
[Result "0-1"]
[WhiteElo "2266"]
[BlackElo "2160"]
[PlyCount "60"]
[EventDate "2011.07.17"]

1. d4 d5 2. c4 c6 3. Nc3 Nf6 4. e3 e6 5. Nf3 Nbd7 6. Qc2 Bd6 7. Be2 O-O 8. O-O
dxc4 9. Bxc4 b5 10. Bd3 Bb7 11. h3 a6 12. Ng5 h6 13. Nge4 Be7 14. a4 Rc8 15.
Bd2 b4 16. Nxf6+ Nxf6 17. Ne4 Nxe4 18. Bxe4 Qb6 19. a5 Qa7 20. Qb3 c5 21. Bxb7
c4 22. Qa4 Qxb7 23. Rfc1 Rc7 24. e4 Rfc8 25. f3 c3 26. bxc3 bxc3 27. Be3 Qb5
28. Kf2 Qd3 29. g3 c2 30. Ra2 Rc3 0-1

[Event "C.to Italiano Semifinale"]
[Site "Acqui Terme ITA"]
[Date "2011.07.24"]
[Round "9"]
[White "Sedina, Elena"]
[Black "Melone, Antonio"]
[Result "1-0"]
[WhiteElo "2339"]
[BlackElo "2046"]
[PlyCount "49"]
[EventDate "2011.07.17"]

1. e4 c6 2. c4 d5 3. exd5 cxd5 4. cxd5 Nf6 5. Nc3 g6 6. Bc4 Nbd7 7. d3 Bg7 8.
Nf3 O-O 9. O-O Nb6 10. Qb3 Qd7 11. Re1 Rd8 12. Bg5 Nfxd5 13. Ne5 Bxe5 14. Rxe5
Nxc4 15. Rxd5 Qxd5 16. Nxd5 Rxd5 17. dxc4 Rxg5 18. Qe3 Rg4 19. Qxe7 Rxc4 20.
Qd8+ Kg7 21. h4 b6 22. Qd5 Rc2 23. Qd8 Rc5 24. Re1 Rc4 25. Re8 1-0